[Event "SR 4. liga A21 2009/2010"]
[Site "?"]
[Date "2010.03.07"]
[Round "10.4"]
[White "Pericka, Tomas"]
[Black "Jozefovic, Milan"]
[Result "1-0"]
[WhiteElo "1910"]
[BlackElo "1904"]
[PlyCount "77"]
[EventDate "2010.??.??"]

1. e4 e5 2. Nf3 Nc6 3. Bc4 Be7 4. O-O Nf6 5. Re1 O-O 6. c3 d6 7. d3 Na5 8. Nbd2
Bg4 9. h3 Bh5 10. b4 Nxc4 11. Nxc4 b5 12. Ne3 a5 13. g4 Bg6 14. Nf5 Bxf5 15.
gxf5 axb4 16. cxb4 Nd7 17. Kh1 Kh8 18. Rg1 Rg8 19. Bg5 f6 20. Bd2 Nf8 21. Nh4
g5 22. fxg6 Nxg6 23. Nf5 Ra7 24. Qh5 Bf8 25. Rg4 c5 26. Rag1 Qe8 27. Nh4 Rag7
28. Bh6 Re7 29. Rxg6 Rxg6 30. Nxg6+ hxg6 31. Rxg6 Rh7 32. Rg8+ Kxg8 33. Qxe8
Rxh6 34. Qxb5 Rxh3+ 35. Kg2 Rh7 36. Qc4+ Kh8 37. b5 Rb7 38. a4 Be7 39. Qf7 1-0

[Event "SR 4. liga A21 2009/2010"]
[Site "?"]
[Date "2010.03.07"]
[Round "10.4"]
[White "Perickova, Jana"]
[Black "Klimesova, Lucia"]
[Result "1-0"]
[WhiteElo "1566"]
[BlackElo "1522"]
[PlyCount "59"]
[EventDate "2010.??.??"]

1. e4 e5 2. Nf3 Nc6 3. d4 exd4 4. Nxd4 Nxd4 5. Qxd4 d6 6. Nc3 Qf6 7. Qd1 Qg6 8.
Bd3 Qxg2 9. Rf1 Qxh2 10. Nd5 Kd7 11. Qf3 f6 12. Bf4 Qh4 13. Rh1 Qxh1+ 14. Qxh1
c6 15. Nc3 g5 16. Bg3 h5 17. O-O-O h4 18. e5 Bg7 19. Bf5+ Kc7 20. exd6+ Kb6 21.
Bxc8 Rxc8 22. Qg1 hxg3 23. fxg3+ c5 24. d7 Rd8 25. Rd6+ Kc7 26. Qxc5+ Kb8 27.
Nb5 Rxd7 28. Rxd7 Rh1+ 29. Kd2 Rh2+ 30. Kd3 1-0

[Event "SR 4. liga A21 2009/2010"]
[Site "?"]
[Date "2010.03.07"]
[Round "10.5"]
[White "Bjel, Jan"]
[Black "Siska, Michal"]
[Result "0-1"]
[WhiteElo "1837"]
[BlackElo "1607"]
[PlyCount "26"]
[EventDate "2010.??.??"]

1. e4 e6 2. d4 d5 3. Nd2 Nf6 4. Bd3 c5 5. dxc5 Bxc5 6. Ne2 Bxf2+ 7. Kxf2 Ng4+
8. Kf3 Ne5+ 9. Kf2 Qb6+ 10. Kg3 h5 11. h3 g5 12. Nf3 h4+ 13. Kh2 Nxf3+ 0-1

[Event "SR 4. liga A21 2009/2010"]
[Site "?"]
[Date "2010.03.07"]
[Round "10.5"]
[White "Bjel, Tomas"]
[Black "Sedlak, Rastislav"]
[Result "1-0"]
[WhiteElo "1682"]
[BlackElo "1562"]
[PlyCount "95"]
[EventDate "2010.??.??"]

1. e4 e5 2. Nf3 Nc6 3. Bc4 Nf6 4. d3 h6 5. Be3 Bb4+ 6. c3 Ba5 7. b4 Bb6 8. b5
Bxe3 9. fxe3 Na5 10. Nxe5 Nxc4 11. Nxc4 d6 12. O-O Bg4 13. Qc2 O-O 14. Nbd2 Re8
15. Rf2 c5 16. d4 Re7 17. e5 dxe5 18. Nxe5 Bh5 19. Raf1 Nd5 20. Qd3 f6 21. Nec4
Qe8 22. Nd6 Rxe3 23. Qf5 Qe6 24. N2c4 Bf7 25. Nxe3 Nxe3 26. Qxe6 Bxe6 27. Re1
cxd4 28. cxd4 Ng4 29. Rxe6 Nxf2 30. Kxf2 Kh7 31. Re8 Rxe8 32. Nxe8 Kg6 33. Nd6
f5 34. Nxb7 Kf6 35. d5 g5 36. a4 Ke7 37. a5 Kd7 38. b6 axb6 39. axb6 Kc8 40. d6
Kd7 41. Ke3 Kc6 42. Kd4 Kxb6 43. d7 Kxb7 44. d8=Q f4 45. Kc5 g4 46. Qb6+ Kc8
47. Kc6 f3 48. Qc7# 1-0

[Event "SR 4. liga A21 2009/2010"]
[Site "?"]
[Date "2010.03.07"]
[Round "10.5"]
[White "Blatnicky, Miroslav"]
[Black "Manak, Adrian"]
[Result "1-0"]
[WhiteElo "2109"]
[BlackElo "1815"]
[PlyCount "49"]
[EventDate "2010.??.??"]

1. d4 d5 2. c4 c6 3. Nc3 e5 4. cxd5 cxd5 5. dxe5 d4 6. Nb1 Qa5+ 7. Nd2 Nc6 8.
Ngf3 Bg4 9. Qb3 Nb4 10. Nxd4 O-O-O 11. e3 Qxe5 12. Nc4 Qe7 13. Qc3 Kb8 14. Bd3
g6 15. O-O Nxd3 16. Qxd3 Bg7 17. b3 Be2 18. Qxe2 Bxd4 19. Ba3 Bc5 20. Bb2 f6
21. Rfd1 Nh6 22. Qf3 Rhf8 23. Rxd8+ Qxd8 24. Rd1 Qe7 25. Qf4+ 1-0

[Event "SR 4. liga A21 2009/2010"]
[Site "?"]
[Date "2010.03.07"]
[Round "10.5"]
[White "Gubis, Vladimir"]
[Black "Lanyi, Frantisek"]
[Result "1/2-1/2"]
[WhiteElo "1786"]
[BlackElo "1714"]
[PlyCount "32"]
[EventDate "2010.??.??"]

1. d4 d5 2. c4 e6 3. Nc3 Nf6 4. Bf4 Nc6 5. e3 Be7 6. h3 h6 7. a3 Bd6 8. Bxd6
cxd6 9. Nf3 O-O 10. Bd3 dxc4 11. Bxc4 d5 12. Bd3 Re8 13. O-O a6 14. Na4 b5 15.
Nc5 e5 16. dxe5 Nxe5 1/2-1/2

[Event "SR 4. liga A21 2009/2010"]
[Site "?"]
[Date "2010.03.07"]
[Round "10.5"]
[White "Orvisky, Vladimir"]
[Black "Kramarik, Peter"]
[Result "0-1"]
[WhiteElo "1883"]
[BlackElo "2017"]
[PlyCount "75"]
[EventDate "2010.??.??"]

1. c4 e5 2. Nc3 f5 3. d3 Nf6 4. Nf3 d6 5. Ng1 Be6 6. Qb3 Qc8 7. g3 Nbd7 8. Bg2
c6 9. f4 Be7 10. Nf3 Qc7 11. Ng5 Bg8 12. e4 h6 13. Nh3 Nc5 14. Qc2 fxe4 15.
Nxe4 Ncxe4 16. dxe4 O-O-O 17. Nf2 Qb6 18. a3 Qd4 19. Bf1 Kb8 20. Qd3 Qxd3 21.
Bxd3 Nd7 22. b4 exf4 23. Bxf4 g5 24. Be3 Bf6 25. Rd1 Ne5 26. c5 Bb3 27. Rd2
Nf3+ 28. Ke2 Nxd2 29. Kxd2 dxc5 30. Bxc5 Rhe8 31. Re1 Bc4 32. Kc2 Bxd3+ 33.
Nxd3 b6 34. Bf2 Be5 35. h3 Kb7 36. h4 gxh4 37. gxh4 Rd7 38. Nxe5 {
biely prekrocil cas} 0-1

[Event "SR 4. liga A21 2009/2010"]
[Site "?"]
[Date "2010.03.07"]
[Round "10.6"]
[White "Danihel, Jozef"]
[Black "Gasa, Patrik"]
[Result "0-1"]
[WhiteElo "1546"]
[BlackElo "1465"]
[PlyCount "64"]
[EventDate "2010.??.??"]

1. e4 c5 2. Nf3 d6 3. d4 cxd4 4. Nxd4 Nf6 5. Nc3 g6 6. Be3 Bg7 7. Qd2 Ng4 8.
O-O-O Nxe3 9. Qxe3 O-O 10. h4 Nc6 11. Nxc6 bxc6 12. h5 Be6 13. hxg6 hxg6 14. e5
Bxe5 15. Qh6 Re8 16. Bd3 Bg7 17. Qh7+ Kf8 18. Bxg6 fxg6 19. Rd3 Bf5 20. Rf3 e6
21. Qxg6 Kg8 22. Qh5 Qb6 23. Rxf5 exf5 24. Qh7+ Kf8 25. Qxf5+ Ke7 26. Re1+ Be5
27. Qg5+ Kd7 28. Qf5+ Kd8 29. Qg5+ Kc7 30. Rxe5 Rxe5 31. Qg7+ Kb8 32. Qf8+ Kb7
0-1

[Event "SR 4. liga A21 2009/2010"]
[Site "?"]
[Date "2010.03.07"]
[Round "10.6"]
[White "Hrubsa, Marian"]
[Black "Jozefek, Michal"]
[Result "1-0"]
[WhiteElo "1930"]
[BlackElo "1902"]
[PlyCount "67"]
[EventDate "2010.??.??"]

1. e4 c5 2. Nf3 d6 3. d4 cxd4 4. Nxd4 Nf6 5. Nc3 Nc6 6. Be2 e6 7. O-O Be7 8. f4
Qb6 9. Be3 Qxb2 10. Ndb5 Qb4 11. Nc7+ Kd8 12. Nxa8 Qxc3 13. Rf3 Qa5 14. e5 Ng4
15. Rb1 Nxe3 16. Rxe3 d5 17. Kh1 b6 18. c4 Bb7 19. cxd5 exd5 20. Rb5 Qxa2 21.
Rxd5+ Kc8 22. Bg4+ Kb8 23. Nc7 Kxc7 24. Rc3 Kb8 25. Rc2 Qa4 26. Rd7 Rd8 27. Qc1
Rxd7 28. Bxd7 Bc5 29. Be8 Qe4 30. Qd1 Nd4 31. Rf2 Qe3 32. Qd2 Qh3 33. Bxf7 Nf5
34. Qd8+ 1-0

[Event "SR 4. liga A21 2009/2010"]
[Site "?"]
[Date "2010.03.07"]
[Round "10.6"]
[White "Kubik, Peter"]
[Black "Nemeckay, Rastislav"]
[Result "1/2-1/2"]
[WhiteElo "1583"]
[BlackElo "1780"]
[PlyCount "119"]
[EventDate "2010.??.??"]

1. e4 e5 2. Nf3 Nc6 3. Bb5 a6 4. Ba4 Nf6 5. O-O b5 6. Bb3 Be7 7. Re1 d6 8. c3
O-O 9. h3 Na5 10. Bc2 c5 11. d4 Nc6 12. Be3 Re8 13. Nbd2 Bb7 14. d5 Nb8 15. Nf1
Nbd7 16. Ng3 Nf8 17. Nh2 Ng6 18. Qd2 Bc8 19. Rf1 Bf8 20. f4 exf4 21. Bxf4 Nxf4
22. Rxf4 Nd7 23. Raf1 Ne5 24. Qe2 Ra7 25. Nf5 g6 26. Ne3 Bh6 27. R4f2 Qg5 28.
Nhg4 Nxg4 29. Nxg4 Bxg4 30. hxg4 Rae7 31. Qf3 Bg7 32. Qf4 Qxf4 33. Rxf4 Be5 34.
R4f3 Kg7 35. a4 b4 36. cxb4 cxb4 37. b3 Rc8 38. Bd3 a5 39. Bc4 f6 40. Re1 Kh6
41. Kf2 Kg5 42. Rh3 Kxg4 43. Reh1 Bd4+ 44. Kf1 h5 45. Rh4+ Kg5 46. g3 Re5 47.
Kg2 Bc3 48. Kf3 f5 49. exf5 Rxf5+ 50. Rf4 Rcf8 51. Rxf5+ Rxf5+ 52. Kg2 Bd4 53.
Rf1 Rxf1 54. Kxf1 Kf6 55. Kg2 g5 56. Kh3 g4+ 57. Kg2 Kg5 58. Bd3 h4 59. gxh4+
Kxh4 60. Be2 1/2-1/2

[Event "SR 4. liga A21 2009/2010"]
[Site "?"]
[Date "2010.03.07"]
[Round "10.6"]
[White "Nemeckayova, Monika"]
[Black "Vach, Jozef"]
[Result "1/2-1/2"]
[WhiteElo "1751"]
[BlackElo "1907"]
[PlyCount "60"]
[EventDate "2010.??.??"]

1. d4 Nf6 2. c4 e6 3. Nc3 d5 4. cxd5 exd5 5. Bg5 Be7 6. e3 c6 7. Bd3 Be6 8. Qc2
Nbd7 9. Nge2 h6 10. Bh4 O-O 11. O-O g5 12. Bg3 Nh5 13. f3 Nxg3 14. Nxg3 Nf6 15.
Kh1 Bd6 16. Qf2 Qc7 17. e4 Bxg3 18. hxg3 Kg7 19. f4 dxe4 20. fxg5 Ng4 21. gxh6+
Kxh6 22. Qd2+ e3 23. Qe1 f5 24. Rf4 Qf7 25. Rxg4 fxg4 26. Qxe3+ Kg7 27. Qg5+
Kh8 28. Qh6+ Kg8 29. Rf1 Qe7 30. Qg6+ Kh8 1/2-1/2

[Event "SR 4. liga A21 2009/2010"]
[Site "?"]
[Date "2010.03.07"]
[Round "10.6"]
[White "Pagerka, Slavomir"]
[Black "Planka, Peter"]
[Result "0-1"]
[WhiteElo "1736"]
[BlackElo "1776"]
[PlyCount "120"]
[EventDate "2010.??.??"]

1. e4 e5 2. Nf3 Nc6 3. d4 exd4 4. Nxd4 Nf6 5. Nc3 h6 6. Nxc6 bxc6 7. e5 Nh7 8.
Bc4 Qh4 9. Qe2 Bc5 10. g3 Qh3 11. Be3 Bxe3 12. Qxe3 O-O 13. O-O-O a5 14. Ne4
Qf5 15. f4 Re8 16. Nc5 d6 17. Bd3 Qh3 18. Ne4 dxe5 19. Nf2 Qe6 20. Qxe5 Qxe5
21. fxe5 Rxe5 22. Rhe1 Rxe1 23. Rxe1 Be6 24. Be4 Bd5 25. Bxd5 cxd5 26. Re7 Rc8
27. Ng4 f6 28. Rd7 c6 29. Ra7 Ng5 30. Ne3 Nf3 31. h3 Re8 32. Nd1 Ng1 33. b3
Nxh3 34. Rxa5 Ng1 35. Rc5 Ne2+ 36. Kb2 Nxg3 37. Rxc6 h5 38. a4 h4 39. Nf2 Ne4
40. Ng4 h3 41. a5 f5 42. Nh2 Nf2 43. a6 Ng4 44. Nf1 h2 45. Nxh2 Nxh2 46. a7 Ra8
47. Rc7 Nf3 48. b4 Nd4 49. Rb7 Kh7 50. b5 Nxb5 51. Rxb5 Rxa7 52. Rxd5 Rf7 53.
Kc3 f4 54. Kd2 Kh6 55. Ke2 g5 56. Kf2 Rc7 57. Rd2 Kh5 58. Kg2 g4 59. Rd5+ Kh4
60. Rd2 Rc3 0-1

[Event "SR 4. liga A21 2009/2010"]
[Site "?"]
[Date "2010.03.21"]
[Round "11.2"]
[White "Danihel, Jozef"]
[Black "Sedlak, Rastislav"]
[Result "1-0"]
[WhiteElo "1546"]
[BlackElo "1562"]
[PlyCount "155"]
[EventDate "2010.??.??"]

1. e4 e5 2. Nf3 Nc6 3. d4 exd4 4. Nxd4 Bc5 5. Be3 Nxd4 6. Bxd4 Bxd4 7. Qxd4 Qf6
8. Qxf6 Nxf6 9. Nc3 d6 10. Nd5 Nxd5 11. exd5 Bf5 12. Kd2 O-O 13. Bd3 Bxd3 14.
Kxd3 Rfe8 15. Rhe1 Re5 16. Rxe5 dxe5 17. Re1 f6 18. Re4 Rd8 19. Kc4 Rd6 20. c3
a6 21. f4 exf4 22. Rxf4 g5 23. Rf5 Kf7 24. Kd4 c6 25. c4 Kg6 26. g4 h5 27. h3
hxg4 28. hxg4 Rd8 29. Rf2 b5 30. Kc5 cxd5 31. cxd5 Kf7 32. Re2 Rc8+ 33. Kb6 Rc4
34. Kxa6 Rxg4 35. Kxb5 Rd4 36. Kc5 Rd3 37. b4 g4 38. b5 g3 39. b6 Rc3+ 40. Kd4
Rc8 41. d6 Rc6 42. b7 Rxd6+ 43. Kc5 Rd8 44. Rb2 Rb8 45. Kc6 f5 46. Kc7 Rh8 47.
b8=Q Rxb8 48. Kxb8 Ke6 49. a4 f4 50. Rg2 Ke5 51. a5 Ke4 52. a6 Kf3 53. Ra2 g2
54. Rxg2 Kxg2 55. a7 f3 56. a8=Q Kg3 57. Qa3 Kg2 58. Qe3 f2 59. Qe4+ Kg1 60.
Qg4+ Kh1 61. Qf3+ Kg1 62. Qg3+ Kh1 63. Qh4+ Kg2 64. Qg4+ Kh1 65. Qd1+ Kg2 66.
Qe2 Kh1 67. Qf1+ Kh2 68. Kc7 Kg3 69. Kc6 Kf3 70. Kd5 Ke3 71. Kc4 Kf3 72. Kd3
Kg3 73. Ke2 Kh2 74. Qxf2+ Kh1 75. Qf8 Kg2 76. Qg8+ Kh1 77. Kf3 Kh2 78. Qg2# 1-0

[Event "SR 4. liga A21 2009/2010"]
[Site "?"]
[Date "2010.03.21"]
[Round "11.2"]
[White "Manak, Adrian"]
[Black "Kubis, Ivan"]
[Result "1-0"]
[WhiteElo "1815"]
[BlackElo "2025"]
[PlyCount "83"]
[EventDate "2010.??.??"]

1. e4 e5 2. Nf3 Nc6 3. Bb5 a6 4. Ba4 Nf6 5. O-O Be7 6. Re1 b5 7. Bb3 O-O 8. c3
d5 9. exd5 Nxd5 10. Nxe5 Nxe5 11. Rxe5 c6 12. d4 Bd6 13. Re1 Qh4 14. g3 Qh3 15.
Be3 Bg4 16. Qd3 Rae8 17. Nd2 f5 18. Qf1 Qh5 19. f4 Kh8 20. Bxd5 cxd5 21. Qg2 g5
22. fxg5 f4 23. Bxf4 Bxf4 24. gxf4 Be2 25. Nf1 Bf3 26. Qg3 Be2 27. Ne3 Bf3 28.
f5 Re4 29. Kf2 Bg4 30. Qd6 Rfe8 31. Qf6+ Kg8 32. Qh6 Qf7 33. g6 hxg6 34. Qxg6+
Qxg6 35. fxg6 Rf8+ 36. Kg1 Be6 37. Ng2 Kg7 38. Rxe4 dxe4 39. Rf1 Rxf1+ 40. Kxf1
Bxa2 41. Nf4 Kf6 42. d5 1-0

[Event "SR 4. liga A21 2009/2010"]
[Site "?"]
[Date "2010.03.21"]
[Round "11.2"]
[White "Oravec, Pavol"]
[Black "Jarabek, Milan"]
[Result "1-0"]
[WhiteElo "1000"]
[BlackElo "1518"]
[PlyCount "121"]
[EventDate "2010.??.??"]

1. e4 c5 2. Nf3 d6 3. d4 cxd4 4. Nxd4 Nf6 5. Nc3 g6 6. Be2 Bg7 7. Be3 Nc6 8.
Qd2 Bd7 9. O-O O-O 10. f4 Ng4 11. Bxg4 Bxg4 12. f5 Qd7 13. h3 Nxd4 14. Bxd4
Bxd4+ 15. Qxd4 Bxf5 16. exf5 gxf5 17. Rf2 f6 18. Raf1 f4 19. Qxf4 Kh8 20. Qh6
Rg8 21. Rf5 Rg6 22. Qh4 Rag8 23. R5f2 Qc6 24. Qe4 Qb6 25. Kh2 Qxb2 26. Nd5 R6g7
27. c4 Qe5+ 28. Qxe5 fxe5 29. g4 Rc8 30. Rf8+ Rxf8 31. Rxf8+ Rg8 32. Rxg8+ Kxg8
33. Nxe7+ Kf7 34. Nf5 Ke6 35. Kg3 a6 36. a4 d5 37. cxd5+ Kxd5 38. Kf3 b5 39.
axb5 axb5 40. Ke3 Ke6 41. Ke4 b4 42. Ne3 b3 43. Nc4 Kf6 44. h4 h6 45. Kd3 Ke6
46. Kc3 b2 47. Kxb2 Kd5 48. Kc3 Ke4 49. g5 hxg5 50. Nd6+ Kf4 51. h5 g4 52. h6
g3 53. h7 g2 54. h8=Q g1=Q 55. Qf6+ Kg3 56. Ne4+ Kh2 57. Qxe5+ Kh3 58. Qh5+ Kg2
59. Qg4+ Kh1 60. Qh3+ Qh2 61. Ng3+ 1-0

[Event "SR 4. liga A21 2009/2010"]
[Site "?"]
[Date "2010.03.21"]
[Round "11.2"]
[White "Siska, Michal"]
[Black "Planka, Peter"]
[Result "1/2-1/2"]
[WhiteElo "1607"]
[BlackElo "1776"]
[PlyCount "105"]
[EventDate "2010.??.??"]

1. c4 e5 2. Nc3 Nf6 3. g3 Be7 4. Bg2 O-O 5. d3 Nc6 6. Nf3 d6 7. O-O Bd7 8. a3
Qc8 9. b4 Bh3 10. Bd2 Nd4 11. Nxd4 Bxg2 12. Kxg2 exd4 13. Nb5 c5 14. a4 Qc6+
15. Kg1 h5 16. e4 a6 17. Na3 Qd7 18. f3 g6 19. b5 Kg7 20. Bg5 Nh7 21. Bxe7 Qxe7
22. f4 Nf6 23. h3 Rab8 24. Qf3 Nd7 25. g4 hxg4 26. Qxg4 Rh8 27. Ra2 Rh4 28. Qg3
Rbh8 29. Rh2 a5 30. Nc2 Qe6 31. Kg2 f5 32. exf5 Qxf5 33. Ne1 R4h6 34. Rf2 Re8
35. Rf3 Qe6 36. Kf1 Qf6 37. Rg2 Qh4 38. f5 Qxg3 39. Rfxg3 Ne5 40. fxg6 Rxg6 41.
Rxg6+ Nxg6 42. Nc2 Kh6 43. Rf2 Rf8 44. Rxf8 Nxf8 45. Kf2 Kg5 46. Na1 Nd7 47.
Nb3 b6 48. Kf3 Kf5 49. Nd2 Ne5+ 50. Ke2 Kf4 51. h4 Nf7 52. Ne4 Ke5 53. Kf3
1/2-1/2

[Event "SR 4. liga A21 2009/2010"]
[Site "?"]
[Date "2010.03.21"]
[Round "11.2"]
[White "Vach, Jozef"]
[Black "Orvisky, Vladimir"]
[Result "0-1"]
[WhiteElo "1907"]
[BlackElo "1883"]
[PlyCount "102"]
[EventDate "2010.??.??"]

1. e4 Nf6 2. e5 Nd5 3. c4 Nb6 4. d4 d6 5. f4 Bf5 6. Nc3 Nc6 7. Nf3 dxe5 8. fxe5
Nb4 9. Nh4 Nc2+ 10. Kf2 Nxa1 11. Nxf5 Nc2 12. Qxc2 e6 13. Ne3 Qxd4 14. Qe4 Qxe4
15. Nxe4 Nd7 16. b3 Nxe5 17. Bb2 Ng6 18. g3 Rd8 19. Bc3 h6 20. Ke2 f5 21. Nd2
Kf7 22. Bg2 b6 23. Rf1 Bc5 24. Nc2 Rd7 25. Bc6 Rdd8 26. Nf3 Rd6 27. Ba4 Rdd8
28. b4 Be7 29. a3 Bf6 30. Bxf6 Kxf6 31. Ne3 Ne7 32. Rc1 c5 33. Rc3 e5 34. Bb3
e4 35. Ne1 Ke5 36. Nd5 Nc6 37. Ke3 Nd4 38. Ba2 g5 39. Ng2 Rhf8 40. Ne7 Rf6 41.
Nd5 f4+ 42. gxf4+ gxf4+ 43. Ngxf4 Rxf4 44. Nxf4 Nf5+ 45. Ke2 Kxf4 46. Bb1 Nd4+
47. Kf2 Nc6 48. Ke2 Nd4+ 49. Kf2 Nf3 50. Rb3 Rd2+ 51. Kf1 e3 0-1

[Event "SR 4. liga A21 2009/2010"]
[Site "?"]
[Date "2010.03.21"]
[Round "11.3"]
[White "Bjel, Jan"]
[Black "Klimesova, Lucia"]
[Result "1/2-1/2"]
[WhiteElo "1837"]
[BlackElo "1522"]
[PlyCount "56"]
[EventDate "2010.??.??"]

1. e4 e5 2. Nf3 d6 3. Bc4 Be7 4. c3 Nf6 5. d3 O-O 6. O-O Bg4 7. Be3 c6 8. Nbd2
b5 9. Bb3 Nbd7 10. d4 a6 11. Re1 h6 12. Qc2 Bh5 13. Rad1 Qc7 14. a3 c5 15. dxe5
Nxe5 16. Ba2 c4 17. Bb1 Nd3 18. Re2 Qc6 19. Nd4 Qc7 20. f3 Bg6 21. Nf5 Qd7 22.
b3 Bxf5 23. exf5 d5 24. Nf1 Bxa3 25. Qa2 Be7 26. Bxd3 cxd3 27. Rxd3 Qxf5 28.
Qd2 Rfe8 1/2-1/2

[Event "SR 4. liga A21 2009/2010"]
[Site "?"]
[Date "2010.03.21"]
[Round "11.3"]
[White "Bjel, Tomas"]
[Black "Wallner, Juraj"]
[Result "1/2-1/2"]
[WhiteElo "1682"]
[BlackElo "1415"]
[PlyCount "68"]
[EventDate "2010.??.??"]

1. e4 c5 2. Nf3 e6 3. d4 d5 4. exd5 exd5 5. Bb5+ Nc6 6. O-O cxd4 7. Nxd4 Bd7 8.
Nc3 Nf6 9. Re1+ Be7 10. Bg5 O-O 11. Bxc6 bxc6 12. Qf3 h6 13. Bh4 Bg4 14. Qg3
Bd7 15. Re2 Ne4 16. Bxe7 Nxg3 17. Bxd8 Nxe2+ 18. Ndxe2 Rfxd8 19. Na4 Rab8 20.
b3 Bf5 21. h3 Bxc2 22. Nd4 Bd3 23. Nxc6 Bb5 24. Nxb8 Bxa4 25. Na6 Be8 26. Rd1
f6 27. Nb4 Bf7 28. f3 Kh7 29. Kf2 g5 30. Rc1 Rd7 31. Rc6 Kg6 32. Nd3 Re7 33.
Rd6 h5 34. Nb4 Rc7 1/2-1/2

[Event "SR 4. liga A21 2009/2010"]
[Site "?"]
[Date "2010.03.21"]
[Round "11.3"]
[White "Husek, Lubomir"]
[Black "Blatnicky, Miroslav"]
[Result "0-1"]
[WhiteElo "1749"]
[BlackElo "2109"]
[PlyCount "98"]
[EventDate "2010.??.??"]

1. e4 e6 2. d4 d5 3. e5 c5 4. c3 Nc6 5. Nf3 Qb6 6. Be2 cxd4 7. cxd4 Bb4+ 8. Nc3
f6 9. O-O fxe5 10. dxe5 Bxc3 11. bxc3 Nge7 12. Be3 Qc7 13. Bd4 O-O 14. Bd3 Nf5
15. Rc1 Qa5 16. Qb3 b6 17. Rfd1 Ba6 18. Qb1 Rac8 19. Ng5 Bxd3 20. Qxd3 Rcd8 21.
g4 h6 22. gxf5 hxg5 23. f6 Rf7 24. Qg6 Qxa2 25. Qxg5 Qe2 26. Re1 Qd3 27. Re3
Qd2 28. Ra1 Rc8 29. Qg6 Nxd4 30. cxd4 Qc2 31. Qg4 Qf5 32. Qxf5 exf5 33. fxg7
Rxg7+ 34. Rg3 a5 35. Rb1 Rb8 36. Kf1 Rxg3 37. hxg3 b5 38. Ke2 b4 39. Kd2 a4 40.
Kc2 Rc8+ 41. Kb2 Rc4 42. Rd1 Rc3 43. Rd2 Kf7 44. Ka2 a3 45. Re2 Rd3 46. e6+ Ke7
47. Re5 Rd2+ 48. Ka1 Rxd4 49. Kb1 Rd2 0-1

[Event "SR 4. liga A21 2009/2010"]
[Site "?"]
[Date "2010.03.21"]
[Round "11.3"]
[White "Klimes, Karel"]
[Black "Lanyi, Frantisek"]
[Result "0-1"]
[WhiteElo "1531"]
[BlackElo "1714"]
[PlyCount "72"]
[EventDate "2010.??.??"]

1. e4 e5 2. Nf3 Nc6 3. Bc4 Bc5 4. c3 Nf6 5. d4 exd4 6. cxd4 Bb4+ 7. Nc3 Nxe4 8.
Bxf7+ Kxf7 9. O-O Bxc3 10. bxc3 Re8 11. d5 Ne5 12. Nxe5+ Rxe5 13. Qd3 Nf6 14.
d6 cxd6 15. Qxd6 Qe7 16. Qd3 d5 17. Bf4 Bf5 18. Qb5 Re6 19. Bg5 Qd7 20. Qb4 Ne4
21. Bf4 Rae8 22. Rad1 h6 23. c4 d4 24. Qa5 Ra6 25. Qb4 Nc3 26. Rd2 Ne2+ 27. Kh1
Nxf4 28. c5 Ne2 29. Qc4+ Qe6 30. Qb5 Rxa2 31. Rxa2 Qxa2 32. Qxb7+ Re7 33. Qf3
Qe6 34. Qh5+ Kg8 35. Qf3 d3 36. c6 Be4 0-1

[Event "SR 4. liga A21 2009/2010"]
[Site "?"]
[Date "2010.03.21"]
[Round "11.3"]
[White "Tomasovic, Pavol"]
[Black "Holan, Jaroslav"]
[Result "1/2-1/2"]
[WhiteElo "1401"]
[BlackElo "1530"]
[PlyCount "70"]
[EventDate "2010.??.??"]

1. e4 e6 2. d4 d5 3. e5 c5 4. c3 cxd4 5. cxd4 Nc6 6. Nf3 Qb6 7. Nc3 Bb4 8. Bd2
Nxd4 9. Nxd4 Qxd4 10. Bb5+ Kf8 11. f4 Bxc3 12. bxc3 Qe4+ 13. Qe2 Qxe2+ 14. Bxe2
Ne7 15. O-O g6 16. Bd3 a6 17. Rf3 b5 18. a3 Bb7 19. Re1 Rc8 20. Rf2 Kg7 21. Rc1
Rhd8 22. Be3 d4 23. cxd4 Rxc1+ 24. Bxc1 Rxd4 25. Bc2 Nd5 26. g3 Rc4 27. Bb2 Rc7
28. Be4 h5 29. Rc2 Rxc2 30. Bxc2 Ne3 31. Bd3 Bd5 32. Bd4 Nc4 33. Bc5 Nb2 34.
Be2 Nc4 35. Kf2 f6 1/2-1/2

[Event "SR 4. liga A21 2009/2010"]
[Site "?"]
[Date "2010.03.21"]
[Round "11.4"]
[White "Dubecky, Ladislav"]
[Black "Pericka, Pavol"]
[Result "1/2-1/2"]
[WhiteElo "1568"]
[BlackElo "1717"]
[PlyCount "58"]
[EventDate "2010.??.??"]

1. e4 e5 2. f4 d6 3. Nf3 exf4 4. d4 g5 5. Bc4 g4 6. O-O gxf3 7. Qxf3 Be6 8.
Bxe6 fxe6 9. Qh5+ Kd7 10. d5 e5 11. Qf5+ Ke8 12. Bxf4 Nf6 13. Bg5 Be7 14. Bxf6
Bxf6 15. Qe6+ Qe7 16. Rxf6 Nd7 17. Qxe7+ Kxe7 18. Re6+ Kf7 19. Nc3 Rhe8 20. Rh6
Kg7 21. Rh3 Rf8 22. Nb5 Nc5 23. Re3 a6 24. Nc3 Rf4 25. b4 Nd7 26. Ne2 Rg4 27.
Rf1 Nf6 28. Nc3 Kg6 29. Re2 Rf4 1/2-1/2

[Event "SR 4. liga A21 2009/2010"]
[Site "?"]
[Date "2010.03.21"]
[Round "11.4"]
[White "Hanzalik, Alojz"]
[Black "Bozik, Branislav"]
[Result "1-0"]
[WhiteElo "1408"]
[BlackElo "1473"]
[PlyCount "29"]
[EventDate "2010.??.??"]

1. d4 d5 2. b4 Bf5 3. Nf3 Nf6 4. a3 e6 5. Nc3 Bd6 6. Ne5 Nbd7 7. Bf4 b6 8. g3
c5 9. e3 O-O 10. Bg2 Qc7 11. Nb5 Qb8 12. Nxd6 Qxd6 13. Ng6 Qc6 14. Ne7+ Kh8 15.
Nxc6 1-0

[Event "SR 4. liga A21 2009/2010"]
[Site "?"]
[Date "2010.03.21"]
[Round "11.4"]
[White "Kovarik, Oto"]
[Black "Pericka, Tomas"]
[Result "1/2-1/2"]
[WhiteElo "2053"]
[BlackElo "1910"]
[PlyCount "86"]
[EventDate "2010.??.??"]

1. e4 c5 2. Nf3 Nc6 3. d4 cxd4 4. Nxd4 g6 5. Nxc6 bxc6 6. Qd4 Qa5+ 7. Bd2 e5 8.
Bxa5 exd4 9. Bd3 Nf6 10. h3 d5 11. e5 Nd7 12. f4 Nc5 13. O-O Nxd3 14. cxd3 Ba6
15. Rd1 c5 16. g3 c4 17. Nd2 Bc5 18. b4 Be7 19. Rac1 Rc8 20. a4 cxd3 21. Rxc8+
Bxc8 22. Nb3 Bf5 23. Nxd4 Be4 24. Nc6 Kd7 25. Nxa7 Ra8 26. Nb5 Rc8 27. Nd6 Bxd6
28. exd6 Rc2 29. b5 Kxd6 30. Rd2 Kc5 31. Kf2 Rc1 32. Rb2 d4 33. Bd2 Rc2 34.
Rxc2+ dxc2 35. Ke2 Kc4 36. b6 d3+ 37. Ke3 Bb7 38. a5 Ba6 39. Ke4 Kb3 40. Bc1
Kc3 41. Ke3 h5 42. g4 h4 43. f5 gxf5 1/2-1/2

[Event "SR 4. liga A21 2009/2010"]
[Site "?"]
[Date "2010.03.21"]
[Round "11.4"]
[White "Perickova, Jana"]
[Black "Damborsky, Pavol"]
[Result "0-1"]
[WhiteElo "1566"]
[BlackElo "1667"]
[PlyCount "64"]
[EventDate "2010.??.??"]

1. e4 e5 2. Nf3 d6 3. Nc3 Nf6 4. Bc4 h6 5. d3 Be7 6. Be3 c5 7. O-O O-O 8. a3
Bg4 9. h3 Bd7 10. Ne2 Nc6 11. Ng3 a6 12. c3 b5 13. Ba2 Rc8 14. Nh2 Kh7 15. Nh5
Qe8 16. Nxf6+ Bxf6 17. Qh5 Ne7 18. g4 Ng8 19. g5 g6 20. Qf3 hxg5 21. Ng4 Bd8
22. Kg2 f5 23. exf5 Rxf5 24. Qg3 Bc6+ 25. Kh2 Rf3 26. Qg1 Qf8 27. d4 cxd4 28.
cxd4 exd4 29. Bxd4 Qf4+ 30. Kg2 Rd3+ 31. f3 Bxf3+ 32. Kf2 Rc2+ 0-1

[Event "SR 4. liga A21 2009/2010"]
[Site "?"]
[Date "2010.03.21"]
[Round "11.4"]
[White "Skapik, Branislav"]
[Black "Cerovsky, Marian"]
[Result "1-0"]
[WhiteElo "1847"]
[BlackElo "1732"]
[PlyCount "125"]
[EventDate "2010.??.??"]

1. e4 e5 2. Nf3 Nc6 3. Bb5 a6 4. Bxc6 dxc6 5. O-O Bg4 6. h3 Bh5 7. g4 Bg6 8.
Nxe5 Qh4 9. Qf3 Nf6 10. d3 O-O-O 11. Qg2 Nd7 12. Nf3 Qe7 13. Nc3 f6 14. Re1 Ne5
15. Nh2 Be8 16. f4 Nf7 17. Nf3 g5 18. e5 gxf4 19. Bxf4 fxe5 20. Nxe5 Qc5+ 21.
Kf1 Bd6 22. Ne4 Qd5 23. Nxd6+ Qxd6 24. Qg3 Nxe5 25. Rxe5 Rf8 26. Kg2 Qd7 27.
Bg5 Bf7 28. Bxd8 Qxd8 29. Rae1 Bd5+ 30. Kh2 c5 31. Re7 h5 32. R1e2 hxg4 33.
Qxg4+ Kb8 34. Qd7 Qxd7 35. Rxd7 Bc6 36. Rg7 Rf1 37. Rg1 Rf3 38. Reg2 Bd7 39.
Rg3 Rf2+ 40. R1g2 Rf1 41. Rg8+ Ka7 42. Kg3 Bc6 43. Rg4 Bxg2 44. Kxg2 Rc1 45.
Rc4 Kb6 46. a4 Re1 47. h4 a5 48. Re4 Rc1 49. Re2 c4 50. d4 Rd1 51. c3 c5 52.
Re6+ Kc7 53. dxc5 Rd5 54. Kf3 Rxc5 55. Re4 Kd6 56. Kg4 Kd5 57. Rf4 Ke6 58. h5
Rc8 59. Rf5 Rg8+ 60. Rg5 Ra8 61. h6 Kf6 62. Kh5 Rd8 63. h7 1-0